000 01268njm a22002777a 4500
005 20100909114414.0
007 sd ammalaaahaa
008 100901t xxu||||| |||| 00| 0 hin d
028 _aN.55092
_bHis Master's Voice
028 _aOJE.24433
_bHis Master's Voice
035 _aGR-01538
040 _aSED/VEN
100 _917815
_aMangeshkar, lata
245 _aTeesara kaun /
_cby Lata Mangeshkar, Mukesh [and] Suman Kalyanpur : Rahul dev Burman
_h[sound recording] :
_bHindustani
246 _aतीसरा कौन (लता मंगेशकर, मुकेश [एंड] सुमन कल्यानपुर)
260 _aDum Dum, India
_bHis Master's Voice
_c1966
300 _a1 sound disc :
_banalog, 33 1/3 rpm
_c10 in.
500 G _aBrief record
505 _aSide-1Pyaar ka fasana banale (प्यार का फ़साना बनाले), Side-2 Meri saheliyan byahi gai (मेरी सहेलियां ब्याही गई)
650 _aClassical music
_xExcerpts
_zIndia
_917813
700 _918219
_aMukesh
700 _918220
_aKalyanpur, Suman
710 _aBurman, Rahul Dev
_919101
942 _2ddc
_cGR
999 _c44705
_d44705